Football parcours du PSG en C2 1996 - Statistiques

Statistiques générales
  • Ce quiz a été pris 58 fois
  • Le résultat moyen est 4 sur 9
Statistiques - réponses
Tour Score Adversaire % Correct
finale Victoire 1-0 Rapid Wien
93%
Demie aller Victoire 1-0 Deportivo
55%
Demie retour Victoire 0-1 Deportivo
55%
Quart aller Défaite 1-0 Parme
48%
Quart retour Victoire 3-1 Parme
48%
Huitième aller Victoire 1-0 Celtic
40%
Huitième retour Victoire 0-3 Celtic
40%
Seizième aller Victoire 2-3 Molde
18%
Seizième retour Victoire 3-0 Molde
18%
Aucun quiz correspondant
Distribution des résultats
% des personnes avec chaque résultat
Percentile par nombre de réponses
Votre historique - résultats
Vous n’avez pas pris ce quiz